=LDR 00000nam 2200000 4500 =001 INLIS000000000019104 =005 20130612114215 =008 ***********************************Ind** =035 ##$$0010-061300000019104 =041 ##$$a Ind =082 ##$$a 823 =090 ##$$a 823, Pla s =100 ##$$a Plaidy, Jean =245 ##$$a The shadow of pomegranata, Jean Plaidy =260 ##$$a 1962 $b London =300 ##$$a 221 hlm, 32 cm =650 ##$$a Fiksi Inggris =850 ##$$a NBPNMAT